000 01331cam a2200217 4500
001 WB3801-37
008 011218n2001 000 0 eng u
035 _a(Sirsi) u116044
245 _aLandlord and tenant
260 _c2001
490 _aEstates Gazette Case Summaries
_v [2001] 50 EG 88 (15/12/01)
520 _aCA 30 November 2001. "BHP Great Britain Petroleum Ltd v Chesterfield Properties Ltd and another". Defendant C owned a commercial building and granted a 20-year lease to the respondent B, whilst agreeing to any neccessary refurbishments. The lease was soon transferred by C to Chesterfield (Neathouse) Ltd. B brought action against C when fractures appeared in vertical units,as the lease held C responsible for any building defects. C claimed it had been released from all landlords' obligations when the lease was transferred. Original verdict declared C was obliged to repair fractures only. Both C and B appealed and cross-appealed respectively as to C's obligations. Appeal dismissed. Cross-appeal allowed.
590 _aWB
650 _aLANDLORD AND TENANT (COVENANTS) ACT 1995
650 _aBUILDING DEFECTS
650 _aPROPERTY-COMMERCIAL PROPERTY
650 _aLANDLORDS OBLIGATIONS
650 _aLEASEHOLD DISPUTES
690 _aLANDLORD AND TENANT-BUSINESS TENANCIES-CASE LAW
942 _n0
999 _c69135
_d69135